Normas de servicios técnicos : proyecto geométrico : carreteras /

Gespeichert in:
Bibliographische Detailangaben
Körperschaft: México. Secretaría de Comunicaciones y Transportes
Format: Buch
Sprache:Spanisch
Schlagworte:
Tags: Tag hinzufügen
Keine Tags, Fügen Sie das erste Tag hinzu!

MARC

LEADER 00000nam^a2200000^a^4500
001 000275363
005 20250521000000.0
009 20260310111230.022
037 |a Acervo ITESO - Biblioteca 
041 |a ESP 
082 |a 625. 7  |b SEC V. 2-1A 
110 |a México.  |b Secretaría de Comunicaciones y Transportes 
245 1 0 |a Normas de servicios técnicos :  |b proyecto geométrico : carreteras /  |c SCT. 
264 |a México :  |b Secretaría de Comunicaciones y Transportes,  |c 1984 
300 |a 53 p. 
336 |a texto  |b txt  |2 rdacontenido 
337 |a sin mediación  |b n  |2 rdamedio 
338 |a volumen  |b nc  |2 rdasoporte 
649 |a XX 
650 |a Carreteras y Autopistas 
650 |a Caminos 
650 |a Construcción 
650 |a Ingeniería Civil 
910 |a Fondo General 
920 |a Impresos - Libros 
930 |a Obras de Referencia 
905 |a 102 
901 |a 0500005502  |b IT2  |c REF  |u 20250521 
902 |a https://opac.biblio.iteso.mx/vufind/Record/000275363